000 00298nam a2200145Ia 4500
100 _aMcgregor
650 _aGeneral
942 _cBK
654 _aEnterprises
245 _aHuman Side Of Enterprise
260 _bTata McGraw Hill
_c2001
082 _a658.3
300 _a246
546 _aENGLISH
999 _c24345
_d24345